000 01104nam a22003017a 4500
001 4635
003 FISKH
005 20240918133158.0
008 240918b cb ||||| |||| 00| 0 eng d
020 _a9780439096997
040 _aFISKH
_beng
_cFISKH
_dFISKH
050 _aPZ7.D2193
082 _2823.914
100 _aM.Baglio, Ben
_d1960-
245 _aGoose on the loose /
_cBen M.Baglio Illustration by Peter Mueller
250 _aFirst printing in 2000
260 _aLondon :
_bScholastic,
_c2000.
300 _a147 pages :
_billustrations ;
_c20cm
505 _aM
520 _aLooking after Gussie, the goose should be easy for Mandy as both her parents are vets. But when Mandy and her friend James go to collect the pet goose after school, she has vanished Finding Gussie is the easy part - returning the pet to her rightful owner is the real challenge
521 8 _a540L
_bLexile
521 8 _aM
_bRaz-Plus
650 _2Animal Ark
_aAnimal fiction
650 _2Middle grade
_aAnimal stories
700 _aMueller, Peter
_dIllustrator
942 _2ddc
_cBK
_n0
999 _c4635
_d4635